| 000 | 01373cam a2200337 a 4500 | ||
|---|---|---|---|
| 001 | 15324963 | ||
| 005 | 20080613144507.0 | ||
| 008 | 080611s2008 enka b 001 0 eng | ||
| 010 | _a 2008273993 | ||
| 015 |
_aGBA825168 _2bnb |
||
| 016 | 7 |
_a014536995 _2Uk |
|
| 020 | _a9780521880046 (hbk.) | ||
| 020 | _a0521880041 (hbk.) | ||
| 035 | _a(OCoLC)ocn182563666 | ||
| 040 |
_aUKM _cUKM _dYDXCP _dBTCTA _dBAKER _dC#P _dBWX _dBWK _dDLC |
||
| 042 | _alccopycat | ||
| 043 | _an-us--- | ||
| 050 | 0 | 0 |
_aJZ1480 _b.L96 2008 |
| 082 | 0 | 4 |
_a327.73009051 _222 _bLYN |
| 100 | 1 |
_aLynch, Timothy J., _d1969- _93838 |
|
| 245 | 1 | 0 |
_aAfter Bush : _bthe case for continuity in American foreign policy / _cTimothy J. Lynch and Robert S. Singh. |
| 260 |
_aCambridge ; _aNew York : _bCambridge University Press, _c2008. |
||
| 300 |
_axii, 382 p. : _bill. ; _c24 cm. |
||
| 504 | _aIncludes bibliographical references (p. 343-370) and index. | ||
| 650 | 0 |
_aWar on Terrorism, 2001- _93839 |
|
| 651 | 0 |
_aUnited States _xForeign relations _y2001- _93840 |
|
| 700 | 1 |
_aSingh, Robert. _93841 |
|
| 942 |
_2ddc _cBB |
||
| 999 |
_c11328 _d11328 |
||